Chemical Kinetics: Kinetics and Chemical Technology. vol. 23
| Main Author: | |
|---|---|
| Format: | Section = Libro |
| Language: | Undetermined Spanish |
| Published: |
Amsterdm
Elsevier
1985
|
| Subjects: |
| LEADER | 00511nam a2200193Ia 4500 | ||
|---|---|---|---|
| 008 | 240830s9999 xx 000 0 und d | ||
| 020 | |a 0-444-42441-5 | ||
| 040 | |a CEDOC FIQ-RUSB / 539 B199 | ||
| 041 | |a spa | ||
| 082 | |a 539 B199 | ||
| 100 | 1 | |a Bamford, C. H | |
| 245 | 1 | 0 | |a Chemical Kinetics: Kinetics and Chemical Technology. vol. 23 |
| 260 | |a Amsterdm |b Elsevier |c 1985 | ||
| 300 | |a 288 p. :il. | ||
| 650 | 7 | |a FISICOQUIMICA | |
| 650 | 7 | |b REACCIONES ORGÁNICAS | |
| 942 | |c BK |2 ddc | ||
| 991 | |a TEXTO | ||
| 999 | |c 13407 | ||